| 000 | 00756nam a2200205Ia 4500 | ||
|---|---|---|---|
| 005 | 20241129110156.0 | ||
| 008 | 241129s9999||||xx |||||||||||||| ||und|| | ||
| 037 | _aTB | ||
| 040 |
_aARTS _bpun _cARTS |
||
| 041 |
_apun _2pun |
||
| 084 |
_aQ8441:21:g 153R2 _qARTS |
||
| 100 |
_aਬਡੂਂਗਰ, ਕਿਰਪਾਲ ਸਿੰਘ, ਚ। _9157566 |
||
| 245 | 0 |
_aਸਚਹੁ ਓਰੈ ਸਭੁ ਕੋ _cਬਡੂਂਗਰ, ਕਿਰਪਾਲ ਸਿੰਘ, ਚ। |
|
| 260 |
_aਅੰਮ੍ਰਿਤਸਰ, ਭਾਰਤ _bਅੰਮ੍ਰਿਤਸਰ ਸਿੰਘ ਬ੍ਰਦਰਜ਼ _c2022 |
||
| 300 | _a256ਪ੍ਰ0 | ||
| 365 |
_aINR _b450 |
||
| 650 |
_aSikkhism _9726471 |
||
| 942 |
_cTB _hQ8441:21:g 153R2 |
||
| 999 |
_c1227608 _d1227608 |
||